League and Cup Winners in Europe's Top Football Leagues in 2023/24 - Statistics

General Stats
  • This quiz has been taken 91 times
  • The average score is 33 of 46
Answer Stats
Country Competition Answer % Correct
England Premier League Manchester City
100%
Italy Serie A Inter Milan
98%
England FA Cup Manchester United
98%
England Women's FA Cup Manchester United
98%
Spain La Liga Real Madrid
98%
Portugal Taça de Portugal FC Porto
96%
France Ligue 1 Paris Saint-Germain
96%
France Coupe de France Paris Saint-Germain
96%
France Coupe de France Féminine Paris Saint-Germain
96%
Spain Primera División Femenina Barcelona
95%
Spain Copa de la Reina Barcelona
95%
Germany Bundesliga Bayer Leverkusen
95%
Germany DFB Pokal Bayer Leverkusen
95%
Italy Coppa Italia Juventus
95%
England League/Carabao Cup Liverpool
95%
England Women's Super League Chelsea
91%
Netherlands KNVB Beker Women Ajax Amsterdam
90%
Scotland Premiership Celtic
90%
Scotland FA Cup Celtic
90%
Netherlands Eridivisie PSV Eindhoven
90%
Scotland League Cup Rangers
89%
Turkey Süper Lig Galatasaray
86%
Netherlands KNVB Beker Feyenoord Rotterdam
84%
England Women's League Cup Arsenal
80%
France Feminine Division 1 Olympique Lyon
79%
Spain Copa del Rey Athletic Bilbao
78%
Belgium Jupiler Pro League Club Brugge
75%
Portugal Primeira Liga Sporting Lisbon
72%
Italy Serie A Femminile AS Roma
69%
Italy Coppa Italia Femminile AS Roma
69%
Turkey Cup Besiktas
69%
Switzerland Super League Young Boys
65%
Portugal Taça de Liga Sporting Braga
62%
Czech Republic Liga Sparta Prague
59%
Czech Republic Cup Sparta Prague
59%
Germany Frauen Bundesliga Bayern München
51%
Germany DFB Pokal Women Vfl Wolfsburg
51%
Norway Nor Cupen Molde FK
43%
Norway Eliteserien Bodø/Glimt
38%
Austria Bundesliga Sturm Graz
35%
Austria Cup Sturm Graz
35%
Denmark Superliga FC Midtjylland
27%
Belgium Cup Union Saint-Gilloise
26%
Switzerland Schweizer Pokal Servette
17%
Denmark DBU Pokalen Silkeborg IF
7%
Netherlands Eridivisie Women Twente Enschede
5%
No matching quizzes found
Score Distribution
Percent of People with Each Score
Percentile by Number Answered
Your Score History
You have not taken this quiz